Champions League Winners Each Year - Statistics

General Stats
  • This quiz has been taken 36 times
    17 since last reset
  • The average score is 45 of 64
Answer Stats
Year Answer % Correct
2015 Barcelona
100%
2012 Chelsea
100%
2010 Inter Milan
100%
2019 Liverpool
100%
2008 Manchester United
100%
2004 Porto
100%
2018 Real Madrid
100%
2017 Real Madrid
100%
2016 Real Madrid
100%
2014 Real Madrid
100%
2011 Barcelona
93%
2009 Barcelona
93%
2006 Barcelona
93%
2013 Bayern Munich
93%
2007 A.C. Milan
87%
2001 Bayern Munich
87%
2002 Real Madrid
87%
2000 Real Madrid
87%
2003 A.C. Milan
80%
1997 Borussia Dortmund
80%
1996 Juventus
80%
2005 Liverpool
80%
1999 Manchester United
80%
1998 Real Madrid
80%
1960 Real Madrid
73%
1959 Real Madrid
73%
1958 Real Madrid
73%
1957 Real Madrid
73%
1956 Real Madrid
73%
1995 Ajax
67%
1992 Barcelona
67%
1976 Bayern Munich
67%
1975 Bayern Munich
67%
1984 Liverpool
67%
1980 Nottingham Forrest
67%
1974 Bayern Munich
60%
1962 Benfica
60%
1961 Benfica
60%
1967 Celtic
60%
1983 Hamburg
60%
1981 Liverpool
60%
1978 Liverpool
60%
1977 Liverpool
60%
1979 Nottingham Forrest
60%
1994 A.C. Milan
53%
1989 A.C. Milan
53%
1969 A.C. Milan
53%
1973 Ajax
53%
1972 Ajax
53%
1971 Ajax
53%
1982 Aston Villa
53%
1970 Feyenoord
53%
1965 Inter Milan
53%
1964 Inter Milan
53%
1985 Juventus
53%
1993 Marseille
53%
1966 Real Madrid
53%
1990 A.C. Milan
47%
1963 A.C. Milan
47%
1968 Manchester United
47%
1988 PSV Eindhoven
47%
1991 Red Star Belgrade
47%
1987 Porto
40%
1986 Steaua Bucuresti
27%
No matching quizzes found
Score Distribution
Percent of People with Each Score
Percentile by Number Answered
Your Score History
You have not taken this quiz since the last reset